000 01047nam a2200217Ia 4500
003 OSt
005 20241121090924.0
007 ca aa aaaaa
008 201103s9999 xx 000 0 und d
040 _cSSBUL
041 _abur
082 _a၂၉၄.၃၉ မောင်
_223
_b၉၂၁၀ S-SAT
100 _a မောင်မောင်၊ ဦး၊ ဓမ္မဃောသက-
245 0 _aနိုင်ငံတော်အသိအမှတ်ပြုသံဃာ့ဂိုဏ်းကြီး(၉)ဂိုဏ်းအကြောင်း/
_cဓမ္မဃောသကဦးမောင်မောင်
250 _aဒုတိယအကြိမ်။
260 _aရန်ကုန် ၊
_bစိန်ပန်းမြိုင်စာပေတိုက်၊
_c၁၉၈၉။
300 _a၈၀ စာမျက်နှာ၊
_c၁၈ စင်တီ။
500 _aS-SAT: Dr. Sai Aung Tun Collection
650 _aဗုဒ္ဓဘာသာဂိုဏ်းများ
_955405
942 _2ddc
_cBK1
999 _c16798
_d16798